[Event "Swiss-Ch 2017"]
[Site "Graechen"]
[Date "2017.07.14"]
[Round "2"]
[White "Pelletier, Yannick"]
[Black "Baeumer, Lars"]
[Result "1-0"]
[WhiteElo "2529"]
[BlackElo "2237"]
[Annotator "TA"]
[PlyCount "80"]
[EventDate "2017.??.??"]
[EventCountry "SUI"]
[SourceTitle "playchess.com"]
[Source "ChessBase"]
[SourceQuality "1"]

{[%evp 18,80,40,37,39,38,41,37,33,20,40,32,37,32,62,32,22,32,41,38,64,31,36,40,53,15,20,16,20,16,19,22,28,25,35,31,56,57,83,57,56,47,64,41,47,22,35,26,25,18,10,6,13,0,0,0,11,0,0,0,0,0,45,0,546]} 1. Nf3 d5 2. d4 Nf6 3. c4 dxc4 4. e3 Bg4 5. Bxc4 e6 6. h3 Bh5 7. Nc3 Nc6 8. O-O Bd6 9. Be2 O-O 10. Nd2 {LiveBook: 3 Games. D07: Queen's Gambit: Chigorin Defence} Bg6 11. Nc4 Nb4 $146 ({Predecessor:} 11... Qe7 12. b3 Bb4 13. Bb2 Rfd8 14. Bf3 Bxc3 15. Bxc3 Be4 16. Qe2 Qd7 17. Rfd1 Qd5 18. Bxe4 Nxe4 {1-0 (44) Cvitan,O (2560)-Glavas,D (2300) Sarajevo 1998}) 12. a3 {White is slightly better.} Nbd5 13. Qb3 Rb8 14. Bd2 Nxc3 15. Bxc3 Nd5 16. Rfd1 Nxc3 17. Qxc3 Qe7 18. Bf3 c6 19. b4 Bc7 20. a4 Rfc8 21. Qa3 a6 22. Rdc1 e5 23. dxe5 Bxe5 24. Nxe5 Qxe5 25. Rc5 Qe8 26. Qb2 Rd8 27. b5 {[%cal Rb5c6]} cxb5 28. axb5 Rd6 29. bxa6 bxa6 30. Qa2 Qd8 31. Rac1 h6 32. Bd5 Qf6 {Hoping for ...Rb2.} 33. Rc8+ Rxc8 $1 34. Rxc8+ Rd8 35. Rxd8+ (35. Rc6 {is more complex.} Qe5 36. Rc5 Kh7 37. Qc4 Rb8 38. g4) 35... Qxd8 36. e4 Qf6 37. Qc4 a5 38. g3 Qb6 39. Kg2 Qb4 40. Qc6 {[#] Black must now prevent Qxg6.} a4 $2 {[%mdl 8192] Precision: White = 58%, Black = 66%.} (40... Kh7 $11) 1-0

[Event "Swiss-Ch 2017"]
[Site "Graechen"]
[Date "2017.07.14"]
[Round "2"]
[White "Loetscher, Roland"]
[Black "Lustenberger, Daniel"]
[Result "1-0"]
[WhiteElo "2433"]
[BlackElo "2232"]
[Annotator "TA"]
[PlyCount "73"]
[EventDate "2017.??.??"]
[EventCountry "SUI"]
[SourceTitle "playchess.com"]
[Source "ChessBase"]
[SourceQuality "1"]

{[%evp 9,73,2,21,18,20,14,14,12,23,23,23,19,20,13,21,26,20,18,40,37,48,55,59,54,60,56,95,112,107,37,85,81,111,119,164,171,196,189,187,167,163,137,152,112,106,120,106,113,97,87,86,93,195,181,260,260,334,273,270,261,468,456,466,470,697,694]} 1. d4 d5 2. c4 c6 3. Nf3 Nf6 4. Nbd2 Bf5 5. Nh4 e6 (5... Be4 $5) (5... Be6 6. e3 g6 7. b3 Bg7 8. Bb2 O-O 9. Rc1 Ne4 10. Bd3 Nxd2 11. Qxd2 Nd7 12. cxd5 cxd5 {½-½ (87) Mamedyarov,S (2756)-Gelfand,B (2747) Jurmala 2015}) 6. Nxf5 {D11: Slav Defence: 3 Nf3 sidelines and 3...Nf6 4 e3 Bg4} exf5 7. Qb3 Qb6 8. g3 $146 {The position is equal.} ({Predecessor:} 8. e3 Nbd7 9. Bd3 g6 10. O-O Be7 11. Nf3 O-O 12. Bd2 Ne4 13. Be1 Qxb3 14. axb3 {½-½ (14) Horvath,C (2520)-Sandipan,C (2568) Dieren 2016}) 8... Na6 9. c5 Qxb3 10. axb3 Nb4 {[#] Strongly threatening ...Nc2+.} 11. Ra4 a5 12. Bh3 g6 13. O-O Nd7 14. Nf3 $36 {[%mdl 2048] White is more active.} Bg7 15. Bf4 b5 16. cxb6 $1 Nxb6 17. Raa1 {[%cal Ba4a1,Ba1c1,Bc1c5][%mdl 32]} Nc2 18. Rac1 Nb4 19. Bc7 ({White should try} 19. Bd2 $16) 19... Nc8 20. Rc5 Na6 21. Rxc6 Kd7 22. Rfc1 {Black must now prevent Bf4.} Nb4 23. R6c5 Ne7 24. Bxa5 Rhb8 25. Bc7 Rb7 26. Be5 f6 27. Rc7+ Rxc7 28. Rxc7+ Ke6 29. Ng5+ fxg5 30. Bxg7 Ra1+ (30... Nbc6 $16 {is a better defense.}) 31. Bf1 $18 Rb1 (31... Nbc6 $142 32. e3 f4) 32. Bh6 Rxb2 33. Bxg5 Nbc6 34. Rb7 Nc8 $2 {[#]} (34... h6 {might work better.}) 35. Rxh7 {White is clearly winning.} Nxd4 36. Rc7 Nb6 (36... Rc2 $142) 37. Be3 {Precision: White = 81%, Black = 35%.} 1-0

[Event "Swiss-Ch 2017"]
[Site "Graechen"]
[Date "2017.07.14"]
[Round "2"]
[White "Georgescu, Lena"]
[Black "Sokolov, Andrei"]
[Result "0-1"]
[WhiteElo "2239"]
[BlackElo "2519"]
[Annotator "TA"]
[PlyCount "58"]
[EventDate "2017.??.??"]
[EventCountry "SUI"]
[SourceTitle "playchess.com"]
[Source "ChessBase"]
[SourceQuality "1"]

{[%evp 9,58,31,34,-16,-22,-31,-10,-5,8,1,12,14,19,-33,-41,-45,-36,-170,-169,-158,-114,-131,-89,-127,-50,-57,-57,-41,-19,-169,-178,-165,-185,-180,-184,-184,-161,-170,-133,-207,-209,-213,-202,-198,-211,-261,-264,-346,-366,-385,-394]} 1. e4 c5 2. Nc3 e6 3. Nge2 Nc6 4. g3 h5 (4... Nf6 5. Bg2 Be7 6. O-O O-O 7. f4 d5 8. e5 Nd7 9. d3 Rb8 10. a4 a6 11. g4 b5 12. axb5 axb5 13. Ng3 b4 14. Nce2 f6 15. exf6 Nxf6 {1-0 (30) Nepomniachtchi,I (2714)-Potkin,V (2610) Yaroslavl 2014}) 5. d4 {[%cal Bd2d4,Bd4d5][%mdl 32]} h4 $146 ({Predecessor:} 5... cxd4 6. Nxd4 h4 7. g4 h3 8. Be3 a6 9. Qd2 Ne5 10. Rg1 Qc7 11. f4 Nc4 12. Bxc4 Qxc4 {0-1 (29) Seeman,T (2475)-Kurajica,B (2570) Elista 1998}) 6. Be3 {B23: Closed Sicilian: Lines without g3} Nf6 7. Qd2 Ng4 8. O-O-O {The position is equal.} hxg3 9. d5 $1 {[%cal Rd5c6]} Nxe3 10. Qxe3 Rxh2 11. Rxh2 ({White should try} 11. Bh3 $11) 11... gxh2 $15 12. Bh3 {[#]} Nd4 $1 {...Qh4 is the strong threat.} 13. Nxd4 (13. Qg3 $15) 13... cxd4 $19 14. Qxd4 Qg5+ 15. Kb1 e5 16. Qc4 Qg1 (16... Qh4 $17 17. Qf1 Bc5) 17. Qf1 $15 Qxf1 18. Rxf1 Bc5 19. Nd1 (19. Rh1 $11) 19... a5 $1 $36 {[%mdl 2048] Black is in control.} 20. Rh1 Ra6 21. Rxh2 Rh6 {And now ...d6 would win.} 22. Rh1 d6 23. Bg2 Ke7 24. c3 (24. b3 $17) 24... Rxh1 25. Bxh1 {[#]} Kf6 $1 26. Kc2 {[#]} Kg5 $1 27. Kd3 Kf4 28. Ke2 Bg4+ 29. f3 Bd7 {Precision: White = 36%, Black = 62%.} 0-1

[Event "Swiss-Ch 2017"]
[Site "Graechen"]
[Date "2017.07.14"]
[Round "2"]
[White "Riehle, Marco"]
[Black "Filipovic, Branko"]
[Result "1/2-1/2"]
[WhiteElo "2236"]
[BlackElo "2423"]
[Annotator "TA"]
[PlyCount "88"]
[EventDate "2017.??.??"]
[EventCountry "SUI"]
[SourceTitle "playchess.com"]
[Source "ChessBase"]
[SourceQuality "1"]

{[%evp 9,88,10,20,12,12,12,10,17,10,8,18,15,6,8,46,27,35,9,27,12,56,43,48,22,27,0,19,0,0,0,11,0,12,17,0,-14,-14,-14,-14,-9,-11,-6,-7,-21,0,-48,-11,-4,-12,-35,-29,-28,-20,-139,-141,-140,-116,-103,-94,-112,-52,-54,-57,-45,0,0,0,0,0,0,0,0,0,0,0,0,0,0,0,0,7]} 1. e4 e6 2. d4 d5 3. exd5 exd5 4. Nf3 Bg4 5. Qe2+ Qe7 6. Be3 {C01: French: Exchange Variation} Nc6 7. Nc3 O-O-O 8. O-O-O f6 9. h3 Bh5 10. g4 Bf7 11. Nd2 Qe8 12. Nb3 Bb4 13. Qb5 $146 ({Predecessor:} 13. Qd2 Na5 14. Nxa5 Bxa5 15. a3 Ne7 16. b4 Bb6 17. Re1 {½-½ (49) Cuartas,J (2521)-Firat,B (2423) Istanbul 2012}) 13... a6 14. Qa4 Bxc3 15. bxc3 Nb8 16. Qb4 b6 ({Don't play} 16... Nc6 $6 17. Qa3 $16) 17. Kd2 Ne7 18. Rb1 Nec6 19. Qa4 Bg6 20. Bxa6+ Nxa6 21. Qxa6+ Kd7 {White must now prevent ...Ra8.} 22. f3 (22. Rhe1 $5 {[%cal Re3f4]} Qe4 23. Rb2 $11) 22... Ra8 23. Qb5 Rxa2 24. Qxd5+ Kc8 25. Rhc1 Bf7 {[%cal Bg6f7,Bf7d5,Bd5e4][%mdl 32]} 26. Qb5 Qe6 $36 {[%mdl 2048] Black is pushing.} (26... Ne7 $5 {[%cal Re8b5]} 27. Qxe8+ Rxe8 $11) 27. Re1 Qd5 (27... Be8 $5 {[%cal Rc6e5]} 28. Nc1 Ne5 $11) 28. Qxd5 Bxd5 29. f4 Be4 30. Rbc1 h5 31. gxh5 (31. g5 $11) 31... Rxh5 $17 32. Bg1 Bd5 {Hoping for ...Bxb3.} 33. Kd3 Rxh3+ 34. Re3 {[#]} Rh4 (34... Rh1 $1 $17 35. f5 Rh5) 35. c4 $15 Bf7 36. d5 Na5 37. Nxa5 {The position is equal.} Bg6+ 38. Kd2 {[#] Nc6 is the strong threat.} Rxa5 39. Rg3 Bf5 40. Rxg7 Ra4 41. d6 Rxc4 42. Rxc7+ Rxc7 43. dxc7 b5 44. Bd4 Rxf4 {Precision: White = 60%, Black = 67%.} 1/2-1/2

[Event "Swiss-Ch 2017"]
[Site "Graechen"]
[Date "2017.07.14"]
[Round "2"]
[White "Raeber, Markus"]
[Black "Demuth, Adrien"]
[Result "0-1"]
[WhiteElo "2230"]
[BlackElo "2558"]
[Annotator "TA"]
[PlyCount "80"]
[EventDate "2017.??.??"]
[EventCountry "SUI"]
[SourceTitle "playchess.com"]
[Source "ChessBase"]
[SourceQuality "1"]

{[%evp 14,80,5,9,8,-64,-59,-65,-60,-62,-60,-86,-88,-84,-86,-90,-91,-95,-83,-110,-54,-67,-71,-123,-123,-121,-124,-155,-121,-166,-158,-156,-159,-160,-167,-160,-144,-140,-144,-140,-135,-134,0,-110,-117,-124,-115,-185,-175,-185,-164,-177,-176,-177,-177,-167,-162,-207,-185,-208,-202,-195,-195,-237,-170,-313,-302,-1743,-1811]} 1. d4 Nf6 2. Nf3 c5 3. c4 cxd4 4. Nxd4 Nc6 {[%cal Bb8c6,Bc6e5,Be5c4][%mdl 32]} 5. Nc3 e6 6. g3 Qb6 7. Ndb5 Ne5 8. Bg2 {White wants to play Be3.} a6 {A33: Symmetrical English: 2 Nf3 Nf6 3 d4 cxd4 4 Nxd4 e6 5 Nc3 Nc6} 9. Be3 (9. Qa4 $11) (9. Na3 Bxa3 10. bxa3 Nxc4 11. O-O Qc5 12. Na4 Qb5 13. Nc3 Qc5 14. Na4 Qb5 15. Nc3 {½-½ (15) Grischuk,A (2750)-Svidler,P (2755) Moscow 2017}) 9... Qa5 $15 10. Nd6+ Bxd6 $1 {Black is slightly better.} 11. Qxd6 {Strongly threatening Bc5.} Nxc4 12. Qc5 Qxc5 $146 ({Predecessor:} 12... d5 13. O-O Bd7 14. Rac1 Qxc5 15. Bxc5 Rc8 16. Bd4 {½-½ (38) Wilhelmi,C (2445)-Wendt,J (2275) Hamburg 1998}) 13. Bxc5 d6 14. b3 dxc5 15. bxc4 Rb8 16. Rb1 Nd7 (16... Kd8 $17 17. Na4 Nd7) 17. O-O b6 18. Bc6 (18. f4 $142) 18... Kd8 $17 19. f4 Kc7 20. Ba4 Rd8 21. Ne4 Nf6 22. Ng5 Bd7 23. Bc2 Be8 24. Nf3 Bc6 25. Ne5 Rd2 26. Bd3 Rf8 27. Rb3 Nd7 (27... Rxa2 $17 {White must now prevent ...Ba4.} 28. Rfb1 Rb8 29. Nxf7 a5) 28. Ra3 (28. Nxc6 $11 {remains equal.} Kxc6 29. Ra3) 28... Nxe5 29. fxe5 a5 $1 $36 {[%cal Ba6a5,Ba5a4][%mdl 2080] Black is in control.} 30. Rb1 {[#]} (30. g4 $17) 30... f5 $1 $19 31. Kf2 {[#]} Be4 $1 32. Ke3 Bxd3 33. Rxd3 Rxd3+ ({Don't do} 33... Rxa2 34. Rd6 $15) 34. exd3 {[%mdl 4096] Endgame KR-KR} a4 35. Rb2 Kc6 36. Rf2 b5 37. cxb5+ Kxb5 38. g4 Kc6 39. gxf5 (39. Rf4 {was necessary.}) 39... Rxf5 ({Weaker is} 39... exf5 40. Rf4 $17) 40. Rxf5 $2 (40. Rg2) 40... exf5 {Precision: White = 31%, Black = 81%.} 0-1

[Event "Swiss-Ch 2017"]
[Site "Graechen"]
[Date "2017.07.14"]
[Round "2"]
[White "Curien, Nicolas"]
[Black "Gallagher, Joseph G."]
[Result "1/2-1/2"]
[WhiteElo "2218"]
[BlackElo "2433"]
[Annotator "TA"]
[PlyCount "56"]
[EventDate "2017.??.??"]
[EventCountry "SUI"]
[SourceTitle "playchess.com"]
[Source "ChessBase"]
[SourceQuality "1"]

{[%evp 15,56,25,25,25,19,18,29,21,17,22,46,27,59,10,32,20,24,5,14,-9,33,32,77,61,77,82,75,75,86,87,84,45,45,0,100,0,50,0,104,0,40,0,0]} 1. d4 Nf6 2. Bg5 c5 3. d5 Ne4 4. Bf4 Qb6 5. Bc1 e6 6. f3 {A45: Trompowsky Attack} Qa5+ 7. c3 Nf6 8. e4 d6 {LiveBook: 16 Games} 9. Ne2 (9. Bd2 Qd8 10. c4 g6 11. Nc3 Bg7 12. Nge2 exd5 13. cxd5 O-O {½-½ (43) Paravyan,D (2528)-Sjugirov,S (2660) St Petersburg 2016}) 9... exd5 10. exd5 Be7 11. Ng3 O-O 12. Be2 $146 ({Predecessor:} 12. a4 Nbd7 13. Na3 Re8 {½-½ (55) Schuster,P (2327)-Mueller Alves,M (2322) LSS email 2013}) 12... Na6 13. Na3 {[%cal Bb1a3,Ba3c2,Bc2e3][%mdl 32]} Qd8 14. O-O (14. Bxa6 $5 bxa6 15. O-O $11) 14... Nc7 15. c4 a6 16. Nc2 b5 17. Ne3 g6 18. f4 {[%cal Bf3f4,Bf4f5][%mdl 32]} Rb8 {[#]} 19. f5 $1 bxc4 20. Bxc4 Nb5 21. b3 Nd4 22. Bb2 Nd7 23. Ne4 Nf6 24. Ng3 ({White should try} 24. Bxd4 $14 Nxe4 25. Bb2) 24... Nd7 $1 $16 25. Ne4 Nf6 26. Ng3 (26. Bxd4 $14 Nxe4 27. Bb2) 26... Nd7 $1 27. Ne4 (27. Nc2 $16) 27... Nf6 $14 28. Ng5 Nh5 {Precision: White = 52%, Black = 70%.} 1/2-1/2

[Event "Swiss-Ch 2017"]
[Site "Graechen"]
[Date "2017.07.15"]
[Round "3"]
[White "Demuth, Adrien"]
[Black "Ekstroem, Roland"]
[Result "1/2-1/2"]
[WhiteElo "2558"]
[BlackElo "2376"]
[Annotator "TA"]
[PlyCount "85"]
[EventDate "2017.??.??"]
[EventCountry "SUI"]
[SourceTitle "playchess.com"]
[Source "ChessBase"]
[SourceQuality "1"]

{[%evp 15,85,12,8,-22,-16,-32,-19,-14,-25,-69,-70,-81,-75,-77,-79,-74,-80,-81,-69,-77,3,4,3,4,15,15,14,20,14,19,29,22,18,29,40,35,25,35,72,82,75,75,78,82,81,75,93,89,114,114,130,129,134,133,124,74,293,301,343,331,307,290,445,443,451,450,441,406,350,17,11,8]} 1. Nf3 f5 2. d3 {[%cal Bd2d3,Bd3d4][%mdl 32]} Nc6 3. d4 e6 4. g3 Nf6 5. Bg2 d6 6. c4 e5 7. dxe5 dxe5 8. Qxd8+ Kxd8 9. Ng5 $146 {[#] Hoping for Nf7+. A20: English Opening: 1...e5} ({Predecessor (2):} 9. O-O Bc5 10. Nc3 e4 11. Ng5 Ke7 12. h4 h6 13. Nh3 Be6 14. b3 Rad8 15. Na4 Bb4 16. Bf4 Nd4 17. Bxc7 Nxe2+ {0-1 (39) Castellet Giralt,G (2183)-Hernando Rodrigo,J (2348) Catalunya 2013}) 9... Nd4 10. Nf7+ Ke8 11. Nxh8 {Black must now prevent Kd1.} Nc2+ 12. Kd2 Nxa1 13. b3 Bb4+ 14. Nc3 c6 15. Bb2 Nxb3+ $1 16. axb3 Be6 17. e4 Nxe4+ ({Black should try} 17... Ke7 $17) 18. Bxe4 $11 fxe4 19. Ke3 Bc5+ 20. Kxe4 {Threatens to win with Na4.} Ke7 21. Na4 Bb4 22. Bxe5 b5 23. Nb2 ({But not} 23. Bxg7 bxa4 24. bxa4 Bxc4 $17) 23... Rxh8 24. Nd3 a5 $1 25. Nxb4 axb4 $14 {[%mdl 4096] Endgame KRB-KRB} 26. Ra1 {aiming for Ra7+.} bxc4 27. Ra7+ ({Of course not} 27. Bxg7 $6 Rd8 $11) 27... Bd7 28. bxc4 Rf8 29. f4 ({Much weaker is} 29. Bxg7 Rxf2 30. Rb7 Rxh2 $11) 29... g6 30. Kd4 Ke6 31. Kc5 b3 32. Ra3 h5 33. Rxb3 Ra8 34. Rd3 Be8 35. Rd6+ Kf5 $2 {[#]} (35... Ke7 $16 {was called for.}) 36. Rf6+ $18 Kg4 37. Rf8 Kh3 38. Rg8 Rc8 (38... h4 {is a better defense.} 39. gxh4 Kxh4) 39. Kd6 c5 40. Ke7 Bd7 41. Rxg6 Bg4 42. f5 $2 (42. Rg5 $18) 42... Bxf5 $11 43. Rg5 {Precision: White = 71%, Black = 51%.} 1/2-1/2

[Event "Swiss-Ch 2017"]
[Site "Graechen"]
[Date "2017.07.15"]
[Round "3"]
[White "Sokolov, Andrei"]
[Black "Buss, Ralph"]
[Result "1-0"]
[WhiteElo "2519"]
[BlackElo "2348"]
[Annotator "TA"]
[PlyCount "83"]
[EventDate "2017.??.??"]
[EventCountry "SUI"]
[SourceTitle "playchess.com"]
[Source "ChessBase"]
[SourceQuality "1"]

{[%evp 16,83,27,7,15,17,26,20,24,13,20,17,26,20,32,21,32,23,21,19,14,15,4,16,27,19,41,13,16,0,42,42,48,39,40,33,41,4,4,6,174,167,164,179,162,154,181,178,180,189,189,149,160,163,134,177,403,164,386,366,287,244,473,446,999,787,29973,29973,29978,29979]} 1. e4 e5 2. Nf3 Nc6 3. Bb5 Nf6 4. O-O Nxe4 5. d4 Nd6 6. Bxc6 dxc6 7. dxe5 Nf5 8. Qxd8+ Kxd8 9. h3 h5 {C67: Ruy Lopez: Berlin Defence: 4 0-0 Nxe4} 10. Nc3 Ke8 11. Ne2 (11. Rd1 Be7 12. Ne4 h4 13. b3 b6 14. Bb2 Rh5 15. Nh2 Bb7 16. Re1 Kf8 17. Rad1 c5 18. Rd7 {½-½ (53) Vachier Lagrave,M (2796)-Nakamura,H (2785) Paris 2017}) 11... Be7 {The position is equal.} 12. Bg5 Be6 13. Nf4 Bd5 14. Nxd5 cxd5 15. Rad1 c6 16. Rfe1 h4 17. Rd3 Bxg5 18. Nxg5 {[#]} Ke7 $146 19. Nf3 Rac8 20. Ra3 a6 21. Rb3 Rc7 22. a4 Kd8 23. Rb4 Re7 24. Rd1 Kc7 25. a5 d4 26. c3 dxc3 27. bxc3 {[%cal Bb2c3,Bc3c4][%mdl 32]} Rd8 $2 {[#]} (27... g6 $11 {and Black is okay.}) 28. Rxb7+ $1 $18 {[%mdl 512]} Kxb7 29. Rxd8 {[%mdl 4096] Endgame KRN-KRN} c5 30. c4 Nd4 31. Nxd4 cxd4 {KR-KR} 32. f4 (32. Rxd4 Rxe5 33. Rxh4 Rxa5 $16) 32... g5 33. Kf2 ({Much less strong is} 33. fxg5 $6 Rxe5 34. Rxd4 Rxa5 $16) 33... gxf4 34. Rd5 Re6 35. Kf3 Kc6 $2 (35... Kc7 36. Kxf4 f6) 36. Kxf4 (36. Ke4 $142 Rg6 37. Kxd4) 36... Rg6 $2 (36... f6) 37. Rxd4 {[#] Black must now prevent Rd6+.} Rxg2 38. Kf5 Ra2 $2 (38... Rf2+ {was necessary.} 39. Kg5 Re2) 39. Rxh4 Rxa5 (39... Kd7 $142 40. Rd4+ Ke7) 40. Kf6 Rc5 41. Re4 a5 42. Kxf7 {Precision: White = 63%, Black = 32%.} 1-0

[Event "Swiss-Ch 2017"]
[Site "Graechen"]
[Date "2017.07.15"]
[Round "3"]
[White "Borsos, Bogdan"]
[Black "Pelletier, Yannick"]
[Result "0-1"]
[WhiteElo "2337"]
[BlackElo "2529"]
[Annotator "TA"]
[PlyCount "54"]
[EventDate "2017.??.??"]
[EventCountry "SUI"]
[SourceTitle "playchess.com"]
[Source "ChessBase"]
[SourceQuality "1"]

{[%evp 23,54,25,14,-35,-35,-27,-35,-24,-24,-37,-34,-241,-212,-236,-237,-474,-539,-548,-533,-531,-534,-521,-522,-523,-531,-804,-850,-850,-831,-1308,-1332,-1316,-1310]} 1. d4 e6 2. c4 Nf6 3. Nc3 Bb4 4. e3 O-O 5. Bd3 c5 6. Nge2 d5 7. cxd5 cxd4 8. exd4 Nxd5 9. O-O Nc6 10. Nxd5 Qxd5 11. Qc2 {E48: Nimzo-Indian: Rubinstein: 5 Bd3 d5 including 6 Ne2, but excluding 6 a3} (11. a3 Be7 12. Qc2 g6 13. Rd1 Bf6 14. Be4 Qd8 15. Bh6 Re8 16. d5 exd5 17. Bxd5 Qe7 18. Ng3 Be6 19. Ne4 Nd4 {0-1 (56) Tregubov,P (2585)-Inarkiev,E (2709) Doha 2016}) 11... h6 12. Rd1 Bd6 {LiveBook: 3 Games} 13. Bh7+ $146 {The position is equal.} ({Predecessor:} 13. a3 Bd7 14. Bh7+ Kh8 15. Be4 Qa5 16. d5 exd5 17. Bxh6 Be6 18. Be3 Bxh2+ 19. Kxh2 dxe4 20. Qxe4 {1-0 (58) Illescas Cordoba,M (2601)-Andres Gonzalez,A (2535) Don Benito 2012}) 13... Kh8 14. Be4 Nb4 15. Qb1 Bxh2+ 16. Kf1 Qb5 17. g3 $2 {[#]} (17. a3 $15 f5 18. axb4 fxe4 19. Qxe4) 17... e5 $1 $19 {White must now prevent ...Bh3+.} 18. a3 Bg4 ({But not} 18... Bh3+ 19. Ke1) 19. Rd2 $2 (19. Bd3 {only move.} Nxd3 20. Qxd3) 19... f5 {Black is clearly winning.} 20. axb4 fxe4 21. Qxe4 Bh3+ 22. Ke1 {[#]} Bg1 $1 {[%mdl 512]} 23. f3 (23. Nxg1 Qf1#) 23... exd4 24. Qd3 Qe8 25. Ra5 Be3 26. f4 Qc6 {( -> ...Qh1+)} 27. Kd1 Rac8 {Precision: White = 50%, Black = 100%.} 0-1

[Event "Swiss-Ch 2017"]
[Site "Graechen"]
[Date "2017.07.15"]
[Round "3"]
[White "Cebalo, Miso"]
[Black "Gaehwiler, Gabriel"]
[Result "1/2-1/2"]
[WhiteElo "2303"]
[BlackElo "2416"]
[Annotator "TA"]
[PlyCount "80"]
[EventDate "2017.??.??"]
[EventCountry "SUI"]
[SourceTitle "playchess.com"]
[Source "ChessBase"]
[SourceQuality "1"]

{[%evp 11,80,-2,14,0,0,2,0,-33,-31,-49,-41,-50,-63,-52,-12,-31,-15,-7,-2,-28,76,0,0,-48,0,0,0,0,0,0,6,0,0,-10,9,9,14,-25,0,-7,-7,-15,-14,-11,-10,-42,-42,-42,-40,-40,-42,-41,-38,-40,-37,-43,-42,-49,-50,-43,-50,-60,-20,-22,-20,-22,-13,-33,-11,-20,-14]} 1. d4 Nf6 2. Bg5 d5 3. e3 e6 4. Nf3 Be7 5. Bd3 Nbd7 6. Nbd2 b6 {LiveBook: 45 Games} 7. e4 {D03: 1 d4 d5 2 Nf3 Nf6 3 Bg5, including Torre Attack with early ...d5} (7. c3 Bb7 8. Qb1 h6 9. Bh4 c5 10. O-O O-O 11. Re1 Rc8 12. Ne5 Nxe5 13. dxe5 Ng4 14. Bg3 Bh4 15. f4 Bxg3 16. hxg3 {1-0 (40) Trent,L (2463)-Von Meijenfeldt,B (2265) Douglas 2016}) 7... dxe4 8. Nxe4 Bb7 9. Ng3 c5 $146 (9... h6 $5 {[%cal Rh6g5]} 10. Be3 c5 $15) ({Predecessor:} 9... h6 10. Bxf6 Nxf6 11. O-O Bd6 12. Qe2 Bxg3 13. hxg3 {½-½ (68) Robert,G (2200)-Akvist,H (2315) Eksjo 1977}) 10. dxc5 Nxc5 11. Bb5+ Kf8 12. O-O Qxd1 13. Rfxd1 h6 14. Be3 Nd5 15. Bd4 (15. Bxc5 $5 Bxc5 16. Ne5 $11) 15... Nf4 {[#]} (15... f6 $11 {keeps the balance.}) 16. Ne1 (16. Ne5 $1 $16) 16... h5 $11 17. b4 (17. Ne2 $5 {[%cal Re2f4]} Nd5 18. Nf3 $11) 17... Ne4 (17... a6 $5 {[%cal Ra6b5]} 18. Ne2 axb5 19. Nxf4 Ne4 $11) 18. Nxe4 Bxe4 19. f3 Bb7 20. a3 f6 21. Kf2 Kf7 22. g3 Nd5 23. c4 Nc7 24. Bd7 Rhd8 25. Be3 {[#]} Nd5 $1 $36 {[%mdl 2560] Black fights for an advantage.} 26. cxd5 Rxd7 27. dxe6+ Kxe6 28. Ng2 (28. Nc2 {with more complications.} Rc8 29. Nd4+ Kf7 30. Rac1 Rcd8 31. Re1) 28... g5 29. Rxd7 Kxd7 30. Bd4 Ke6 31. Re1+ Kf7 32. Ne3 Rd8 33. Nf5 Bf8 {Threatens to win with ...Bc8.} 34. Bc3 Rd3 35. Re3 Rd1 36. Nd4 Bd5 37. Re1 Rxe1 38. Bxe1 Bd6 39. Ke3 Be5 40. f4 gxf4+ {Precision: White = 42%, Black = 53%.} 1/2-1/2

[Event "Swiss-Ch 2017"]
[Site "Graechen"]
[Date "2017.07.16"]
[Round "4"]
[White "Pelletier, Yannick"]
[Black "Sokolov, Andrei"]
[Result "1/2-1/2"]
[WhiteElo "2529"]
[BlackElo "2519"]
[Annotator "TA"]
[PlyCount "44"]
[EventDate "2017.??.??"]
[EventCountry "SUI"]
[SourceTitle "playchess.com"]
[Source "ChessBase"]
[SourceQuality "1"]

{[%evp 16,44,18,-8,50,0,8,12,10,-6,16,-2,31,37,30,6,43,-17,-17,-30,-36,-46,7,-37,-11,-14,7,0,0,0,0]} 1. Nf3 Nf6 2. c4 e6 3. g3 d5 4. Bg2 dxc4 5. Qa4+ Nbd7 6. Qxc4 c5 7. d3 Bd6 8. a4 O-O 9. Qb3 {LiveBook: 8 Games. A13: English Opening: 1...e6} (9. Nc3 b6 10. Nb5 Ba6 11. O-O Rc8 12. Qb3 Bb8 13. Nd2 Nd5 14. Nc4 N7f6 15. Bd2 Bb7 16. e4 Ne7 {½-½ (64) Jakovenko,D (2748)-Eljanov,P (2717) Baku 2015}) 9... Qb6 (9... Nb8 $11) 10. Qc2 Nd5 11. Na3 Nb4 12. Qb1 Qd8 13. Nc4 Nb6 $146 (13... Nb8 {is more complex.} 14. O-O N8c6 15. Be3 Be7 16. Rd1 Nd5) ({Predecessor:} 13... Be7 14. a5 Nb8 15. O-O N8c6 16. Bd2 f6 {½-½ (38) Liflyand,E-Sapa,W (2295) ICCF corr 1995}) 14. Nxd6 Qxd6 15. O-O e5 16. Nd2 (16. Ng5 $14) 16... N6d5 $11 17. Nc4 Qe7 18. Bd2 Bg4 (18... Rd8 $15) 19. Re1 Rad8 20. a5 {The position is equal.} f6 21. Ne3 Nxe3 22. Bxe3 Be6 {Precision: White = 30%, Black = 29%.} 1/2-1/2